000 00663nam a2200217 i 4500
001 126659
003 ES-MaACL
005 20250824225843.0
007 t|
008 070214s1945 sp |||| | spa d
100 1 _aRévész, Andrés.
_996422
245 1 0 _aAlemania no podía vencer /
_cAndrés Révész.
250 _a1ª ed.
260 _aBarcelona :
_b[s.n.],
_c1945 (
_fImp. Agustín Núñez)
300 _a171 p. ;
_c23 cm.
490 1 _aLos libros de nuestro tiempo
650 0 4 _aGuerra mundial, 1939-1945-
_zAlemania.
_913229
830 0 4 _aLos libros de nuestro tiempo
_9181112
852 _aES-MaACL
_jB-10414
999 _c126659
_d126659